=LDR 00000nam 2200000 4500 =001 INLIS000000000038441 =005 20130612144117 =008 ***********************************Ind** =035 ##$$a0010-061300000038441 =041 ##$$a Ind =082 ##$$a 641.3 =090 ##$$a 641.3, Kur p =100 ##$$a Kurnialia, Peter C =245 ##$$a Healthy food for healthy people, Memilih dan menentukan makanan terbaik untuk hidup lebih sehat, Peter c Kurnialia dan Nugroho Abikusno, M.D., Ph. D =260 ##$$b Jakarta =300 ##$$a 138 hlm, Ilus, 21 cm =650 ##$$a Makanan =700 ##$$a Abikusno, Nugroho,D., Ph.D =850 ##$$a NBPNMAT =990 ##$$a 0001/BPAP-NTB/20142014